All Time Low Lyrics - Jon Bellion - Statistics

General Stats
  • This quiz has been taken 61 times
  • The average score is 356 of 454
Answer Stats
Lyrics % Correct
a
100%
I
100%
(I,
100%
I)
100%
lo-lo-low,
100%
Low,
100%
low,
100%
low
100%
all
96%
time
94%
time...
94%
an
92%
An
92%
the
92%
I'm
85%
you
85%
was
81%
and
79%
on
79%
at
77%
in
77%
your
73%
me
71%
that
69%
That
69%
to
67%
Now
65%
now
65%
movie
63%
armor
62%
knight
62%
shining
62%
mine
60%
love
58%
my
58%
alone
56%
but
56%
masturbate
54%
reason
54%
through
54%
You're
54%
aftertaste
52%
can't
52%
it
52%
look
52%
lips
50%
put
50%
right
50%
see
50%
try
50%
call
48%
don't
48%
ghost,
48%
know
48%
like
48%
been
46%
broken
46%
name,
46%
of
46%
shit's
46%
just
44%
say
44%
want
44%
CD
42%
I've
42%
la-lie,
42%
lie
42%
(lie,
42%
lie)
42%
Lie,
42%
Lie
42%
pride,
42%
concentrate
40%
fix
40%
Three
40%
trying
40%
hide,
38%
perfect
38%
prototype,
38%
candidate
37%
example
37%
Stacks
37%
girlfriends
35%
Hey!
21%
Would
21%
(whoa,
12%
whoa)
12%
whoa-oh-oh)
10%
No matching quizzes found
Score Distribution
Percent of People with Each Score
Percentile by Number Answered
Your Score History
You have not taken this quiz